000 00364nam a2200133Ia 4500
005 20260326100034.0
008 260326s9999||||xx |||||||||||||| ||und||
100 _aRuano, Miguel
245 0 _aEcoUrbanismo :
_b Entornos Humanos Sostenibles/60 Proyectos /
_cMiguel Ruano
260 _bGustavo Gili
300 _a192 p.
650 _aARQUITECTURA Y CLIMA
942 _cBK
999 _c6718
_d6718